000 00640nam a2200217 i 4500
001 90592
003 ES-MaACL
005 20230906180509.0
007 t|
008 050121s1967 sp |||| | spa d
100 1 _aLehmann, Johannes.
_971334
245 1 1 _a¿Está enferma la fe?
_b: los creyentes, signo o antisigno de la fe /
_cJohannes Lehmann ; [tradujo, Ana María Agud].
260 _aSalamanca :
_bSígueme,
_c1967.
300 _a150 p. ;
_c19 cm.
490 1 _aEstela ;
_v60
650 0 4 _aFe.
_912734
700 1 _aAgud, Ana.
_918643
830 0 _aEstela ;
_v60
_9181322
852 _aES-MaACL
_jC-32498
999 _c90592
_d90592